|
|
|
|
| LEADER |
00000nas a2200000 i 4500 |
| 001 |
ssj0000602404 |
| 003 |
WaSeSS |
| 005 |
20200512172242.0 |
| 006 |
m d |
| 007 |
cr n |
| 008 |
100305c20099999pk fr p s b 0 0eng c |
| 010 |
|
|
|a 2015267129
|
| 022 |
|
|
|a 2222-6648
|l 2074-2738
|y 2074-2738
|
| 035 |
|
|
|a (WaSeSS)ssj0000602404
|
| 040 |
|
|
|a Nz
|b eng
|e pn
|c UX1
|d OCLCF
|d OCLCO
|d DOS
|d OCLCO
|d OCLCA
|d VT2
|d WaSeSS
|
| 042 |
|
|
|a pcc
|
| 043 |
|
|
|a a-pk---
|
| 050 |
|
4 |
|a HV7095.5
|b .A43 online
|
| 245 |
0 |
0 |
|a Pakistan journal of criminology
|h [electronic resource].
|
| 246 |
1 |
|
|a PJC
|
| 260 |
|
|
|a [Peshawar] :
|b Pakistan Society of Criminology,
|c [2009]-
|
| 310 |
|
|
|a Semiannual,
|b 2013-
|
| 321 |
|
|
|a Quarterly,
|b 2009-2012
|
| 362 |
1 |
|
|a Began with Volume 1, No. 1 (April 2009).
|
| 506 |
|
|
|a License restrictions may limit access.
|
| 588 |
0 |
|
|a Volume 1, No. 1 (April 2009); title from caption (Pakistan Society of Criminology, viewed December 29, 2015).
|
| 588 |
1 |
|
|a Volume 7, Number 1 (Jan. 2015) (Pakistan Society of Criminology, viewed December 29, 2015).
|
| 650 |
|
0 |
|a Criminology
|z Pakistan
|v Periodicals.
|
| 650 |
|
0 |
|a Criminology
|x Research
|z Pakistan
|v Periodicals.
|
| 650 |
|
0 |
|a Criminal law
|z Pakistan
|v Periodicals.
|
| 650 |
|
7 |
|a Criminal law.
|2 fast
|0 (OCoLC)fst00883328
|
| 650 |
|
7 |
|a Criminology.
|2 fast
|0 (OCoLC)fst00883566
|
| 650 |
|
7 |
|a Criminology
|x Research.
|2 fast
|0 (OCoLC)fst00883581
|
| 651 |
|
7 |
|a Pakistan.
|2 fast
|0 (OCoLC)fst01210275
|
| 655 |
|
0 |
|a Electronic journals.
|
| 710 |
2 |
|
|a Pakistan Society of Criminology.
|
| 776 |
0 |
8 |
|i Print version:
|t Pakkistan journal of criminology
|x 2074-2738
|w (DLC) 2010212100
|w (OCoLC)540741448
|
| 856 |
4 |
0 |
|z Full text available from Research Library: 07/01/2013 to present
|u https://search.proquest.com/publication/2034993
|